| 000 | 00846cam a2200229 a 4500 | ||
|---|---|---|---|
| 001 | 000011794 | ||
| 005 | 20200929162552.0 | ||
| 008 | 780627s1969 sp b 001 0 spa c | ||
| 040 |
_aDO-SdBNP _bspa _cLC _dBNPHU |
||
| 082 |
_a415 _bA321g |
||
| 100 | 1 |
_aAlarcos Llorach, Emilio. _927912 |
|
| 245 | 1 | 0 |
_aGramática estructural : _b(según la escuela de Copenhague y con especial atención a la lengua española) / _cEmilio Alarcos Llorach. |
| 260 |
_aMadrid : _bGredos, _c1969. |
||
| 300 |
_a129 p. ; _c21 cm. |
||
| 490 | 1 |
_aBiblioteca Romanica Hispánica : _aManuales _vno. 3 |
|
| 504 | _aBibliografías: p. 9-10. | ||
| 650 | 4 |
_aGramática comparada y general _91601 |
|
| 650 | 4 |
_aEspañol _xGramática comparada _927913 |
|
| 830 | 0 |
_aBiblioteca Romanica Hispánica : _pManuales _vno. 3 _927914 |
|
| 910 | _aCatalogación derivada | ||
| 049 | _aBNGR | ||
| 999 |
_c11468 _d11468 |
||